[Event "Sunway Sitges Open 2017"]
[Site "Sitges ESP"]
[Date "2017.12.17"]
[Round "3.4"]
[White "Zubov, Alexander"]
[Black "Hambleton, Aman"]
[Result "1/2-1/2"]
[WhiteTitle "GM"]
[BlackTitle "IM"]
[WhiteElo "2626"]
[BlackElo "2474"]
[WhiteFideId "14109409"]
[BlackFideId "2606577"]
[EventDate "2017.12.15"]

1. d4 Nf6 2. Nf3 e6 3. c4 d5 4. Nc3 Bb4 5. e3 O-O 6. Bd3 b6 7. O-O dxc4 8. Bxc4
Bb7 9. a3 Bxc3 10. bxc3 c5 11. Bd3 Qc7 12. Re1 cxd4 13. cxd4 Be4 14. Bf1 Nbd7
15. Bb2 Rac8 16. Rc1 Qb7 17. Nd2 Rxc1 18. Bxc1 Bc6 19. f3 e5 20. e4 exd4 21. Bb2
Nc5 22. Bxd4 Rd8 23. Qa1 Qd7 24. Be3 Bb5 25. Rb1 Bd3 26. Rb4 Ne6 27. a4 Qd6 28.
Rb2 Bxf1 29. Nxf1 Nd7 30. a5 h6 31. Rd2 Qc7 32. axb6 axb6 33. Ng3 Ne5 34. Rd5
Nc4 35. Bf2 Rxd5 36. exd5 Nf4 37. Nf5 Qe5 38. Qxe5 Nxe5 39. Bxb6 Nxd5 40. Bd4 f6 1/2-1/2

[Event "Sunway Sitges Open 2017"]
[Site "Sitges ESP"]
[Date "2017.12.17"]
[Round "3.5"]
[White "Saduakassova, Dinara"]
[Black "Edouard, Romain"]
[Result "1-0"]
[WhiteTitle "IM"]
[BlackTitle "GM"]
[WhiteElo "2460"]
[BlackElo "2621"]
[WhiteFideId "13700090"]
[BlackFideId "633429"]
[EventDate "2017.12.15"]

1. d4 Nf6 2. c4 e6 3. Nc3 c5 4. d5 exd5 5. cxd5 g6 6. e4 d6 7. h3 Bg7 8. Nf3 O-O
9. Bd3 Nbd7 10. O-O a6 11. a4 Re8 12. Re1 Ne5 13. Nxe5 Rxe5 14. Bf4 Nh5 15. Bxe5
Bxe5 16. Bf1 Qg5 17. Re3 Nf4 18. Rg3 Qh4 19. Ra3 Bd7 20. Rb3 Rb8 21. a5 b5 22.
axb6 a5 23. Bb5 Bxh3 24. gxh3 Nxh3+ 25. Kg2 Nf4+ 26. Kg1 Nh3+ 27. Kg2 Nf4+ 28.
Kf1 Rxb6 29. Qf3 h5 30. Rg1 Qf6 31. Ne2 Nxd5 32. Qxf6 Nxf6 33. f3 d5 34. exd5
Nxd5 35. Kf2 Nb4 36. Bc4 Rd6 37. Rg5 a4 38. Ra3 Bxb2 39. Rxa4 Bd4+ 40. Nxd4 Rxd4
41. Ra8+ Kg7 42. Rxc5 1-0

[Event "Sunway Sitges Open 2017"]
[Site "Sitges ESP"]
[Date "2017.12.17"]
[Round "3.6"]
[White "Bologan, Victor"]
[Black "Bilguun, Sumiya"]
[Result "1/2-1/2"]
[WhiteTitle "GM"]
[BlackTitle "IM"]
[WhiteElo "2607"]
[BlackElo "2459"]
[WhiteFideId "13900048"]
[BlackFideId "4901541"]
[EventDate "2017.12.15"]

1. e4 c5 2. Nf3 e6 3. d3 Nc6 4. g3 Nf6 5. Bg2 d6 6. O-O Be7 7. Re1 O-O 8. c3 e5
9. h3 Re8 10. a3 Bf8 11. b4 a6 12. Be3 h6 13. Nbd2 Be6 14. d4 cxd4 15. cxd4 exd4
16. Nxd4 d5 17. Nxc6 bxc6 18. exd5 Nxd5 19. Bc5 a5 20. Bxf8 Rxf8 21. bxa5 Qxa5
22. Qc1 Nb6 23. Re3 Bd5 24. Nb3 Qa4 25. Nc5 Qa7 26. Rc3 Qe7 27. Rb1 Na4 28. Rb7
Qf6 29. Re3 Nxc5 30. Qxc5 Rfd8 31. Ree7 Be6 32. Rb1 Bd5 33. Rbb7 Be6 34. Rb1 Bd5 1/2-1/2

[Event "Sunway Sitges Open 2017"]
[Site "Sitges ESP"]
[Date "2017.12.17"]
[Round "3.7"]
[White "Yankelevich, Lev"]
[Black "Kozul, Zdenko"]
[Result "0-1"]
[WhiteTitle "IM"]
[BlackTitle "GM"]
[WhiteElo "2435"]
[BlackElo "2607"]
[WhiteFideId "24684074"]
[BlackFideId "14502879"]
[EventDate "2017.12.15"]

1. d4 Nf6 2. c4 g6 3. Nc3 Bg7 4. e4 d6 5. f3 O-O 6. Be3 Nbd7 7. Qd2 a6 8. O-O-O
e5 9. d5 h5 10. Nh3 Nh7 11. Be2 f5 12. exf5 gxf5 13. Bh6 Qf6 14. Bxg7 Qxg7 15.
f4 Ndf6 16. Ng5 Nxg5 17. fxg5 Ng4 18. Rde1 f4 19. Ne4 Bf5 20. h4 Bxe4 21. Bxg4
hxg4 22. Rxe4 Qg6 23. Qc2 g3 24. Qe2 Rae8 25. Kd2 Re7 26. Qf3 Qf5 27. Kc3 Rh7
28. c5 Re8 29. Rh3 Rf7 30. b4 Kg7 31. Rh1 Rh8 32. a4 Re7 33. Qd3 Kg6 34. Kd2
Reh7 35. Qb1 Rxh4 36. Rxh4 Rxh4 37. b5 f3 38. gxf3 Rxe4 39. fxe4 Qf2+ 40. Kd3 g2
41. bxa6 Qf1+ 0-1

[Event "Sunway Sitges Open 2017"]
[Site "Sitges ESP"]
[Date "2017.12.17"]
[Round "3.8"]
[White "Can, Emre"]
[Black "Narciso Dublan, Marc"]
[Result "0-1"]
[WhiteTitle "GM"]
[BlackTitle "GM"]
[WhiteElo "2605"]
[BlackElo "2456"]
[WhiteFideId "6302181"]
[BlackFideId "2201500"]
[EventDate "2017.12.15"]

1. Nf3 d5 2. d4 Nf6 3. c4 c6 4. Nbd2 Bf5 5. Nh4 Be4 6. f3 Bg6 7. g4 e6 8. Qb3 b5
9. cxd5 Nxd5 10. Nxg6 hxg6 11. e4 Qh4+ 12. Kd1 Nb6 13. Qe3 N8d7 14. Nb3 e5 15.
d5 cxd5 16. Bxb5 d4 17. Qg5 Qxg5 18. Bxg5 Be7 19. Bd2 Rh3 20. Ke2 Rc8 21. a4 Kd8
22. Na5 Nb8 23. Bd3 N6d7 24. b4 Nf8 25. Kf2 Ne6 26. Kg2 Bxb4 27. Kxh3 Bxd2 28.
Nc4 Bc3 29. Kg3 Bxa1 30. Rxa1 Nd7 31. Rb1 f6 32. a5 Rb8 33. Kf2 Rxb1 34. Bxb1
Kc7 35. Ba2 Ndc5 36. Na3 Nf4 37. Bc4 a6 38. Nc2 Nb7 39. Bxa6 Nxa5 40. Ke1 Kb6
41. Bf1 Kc5 42. Kd2 Nb3+ 43. Kd1 d3 0-1

[Event "Sunway Sitges Open 2017"]
[Site "Sitges ESP"]
[Date "2017.12.17"]
[Round "3.9"]
[White "Predke, Alexandr"]
[Black "Krishna, C R G"]
[Result "1-0"]
[WhiteTitle "GM"]
[BlackTitle "IM"]
[WhiteElo "2599"]
[BlackElo "2421"]
[WhiteFideId "24107581"]
[BlackFideId "5018625"]
[EventDate "2017.12.15"]

1. d4 d5 2. c4 c6 3. Nf3 Nf6 4. e3 Bf5 5. Nc3 a6 6. Bd2 e6 7. Nh4 Bg4 8. Qb3 Ra7
9. h3 Bh5 10. g4 Nfd7 11. Ng2 Bg6 12. Nf4 b5 13. c5 a5 14. Nxg6 hxg6 15. O-O-O
Na6 16. f4 Be7 17. g5 Qa8 18. Re1 Nc7 19. Qc2 Qb7 20. h4 Kd8 21. Bd3 Na6 22. Qd1
a4 23. h5 gxh5 24. Rxh5 Re8 25. Rh7 Bf8 26. Qh5 Ndxc5 27. dxc5 Nxc5 28. Bb1 b4
29. Ne2 a3 30. b3 Nxb3+ 31. axb3 a2 32. Bxa2 Rxa2 33. Kd1 c5 34. Nc1 Ra1 35. Qe2
Kd7 36. e4 Rea8 37. exd5 exd5 38. g6 Qc6 39. gxf7 Qg6 40. Rh5 Qxf7 41. Re5 Kc7
42. f5 R1a5 43. Bf4 Kb7 44. Re6 Rd8 45. Qe5 c4 46. Rg1 Qh5+ 47. Kc2 Rc5 48. Rgg6
cxb3+ 49. Kb1 1-0

[Event "Sunway Sitges Open 2017"]
[Site "Sitges ESP"]
[Date "2017.12.17"]
[Round "3.10"]
[White "Sokolov, Ivan"]
[Black "Khademalsharieh, Sarasadat"]
[Result "1/2-1/2"]
[WhiteTitle "GM"]
[BlackTitle "IM"]
[WhiteElo "2589"]
[BlackElo "2406"]
[WhiteFideId "14400030"]
[BlackFideId "12512214"]
[EventDate "2017.12.15"]

1. d4 Nf6 2. c4 e6 3. Nf3 b6 4. Nc3 Bb4 5. e3 O-O 6. Bd3 d5 7. a3 Bxc3+ 8. bxc3
Ba6 9. cxd5 Bxd3 10. Qxd3 Qxd5 11. c4 Qe4 12. Qxe4 Nxe4 13. Bb2 c5 14. Ke2 Nc6
15. Ne5 Na5 16. f3 Nd6 17. dxc5 bxc5 18. Rac1 f6 19. Bc3 Naxc4 20. Nxc4 Nxc4 21.
Bxf6 Nxe3 22. Bxg7 Kxg7 23. Kxe3 Rab8 24. Rxc5 Rb3+ 25. Kf2 Rxa3 26. Re1 Ra2+
27. Kg3 Kf6 28. Kh3 Rg8 29. g4 Ra3 30. Kg3 Rg7 31. Rc6 Re7 32. h4 h6 33. Re4 Rb3
34. Rf4+ Kg7 35. h5 Rb8 36. Rd6 Rc8 37. Re4 Kf7 38. Kh4 Rc1 39. Rf4+ Kg7 40. Rd8
e5 41. Rff8 e4 42. f4 e3 43. Rde8 Rxe8 44. Rxe8 Re1 45. Kg3 e2 46. g5 hxg5 47.
fxg5 Rg1+ 48. Kf2 Rxg5 49. Kxe2 Rxh5 1/2-1/2

[Event "Sunway Sitges Open 2017"]
[Site "Sitges ESP"]
[Date "2017.12.17"]
[Round "3.11"]
[White "Munguntuul, Batkhuyag"]
[Black "Aravindh, Chithambaram VR."]
[Result "0-1"]
[WhiteTitle "IM"]
[BlackTitle "GM"]
[WhiteElo "2397"]
[BlackElo "2586"]
[WhiteFideId "4900758"]
[BlackFideId "5072786"]
[EventDate "2017.12.15"]

1. e4 c6 2. d4 d5 3. e5 Bf5 4. c4 e6 5. Nc3 Ne7 6. Nge2 Na6 7. Ng3 Bg6 8. a3 Nc7
9. h4 dxc4 10. Bxc4 h6 11. h5 Bh7 12. Nce4 Ned5 13. Qg4 Rg8 14. O-O Qd7 15. Bd2
O-O-O 16. Qf3 f5 17. Nc5 Bxc5 18. dxc5 f4 19. Ne4 Bxe4 20. Qxe4 Qf7 21. Be2 g6
22. hxg6 Rxg6 23. f3 Rdg8 24. Rf2 Rg3 25. Rd1 Qh5 26. Bc4 Qh3 27. Bf1 Qh4 28.
Qh7 Ne7 29. Qf7 Ned5 30. Qh7 Ne3 31. Bxe3 fxe3 32. Rc2 Nd5 33. Qf7 Nf4 34. Qd7+
Kb8 35. Qd6+ Ka8 36. Rd4 e2 37. Rxf4 Rxg2+ 0-1

[Event "Sunway Sitges Open 2017"]
[Site "Sitges ESP"]
[Date "2017.12.17"]
[Round "3.12"]
[White "Petrov, Nikita"]
[Black "Tania, Sachdev"]
[Result "1/2-1/2"]
[WhiteTitle "IM"]
[BlackTitle "IM"]
[WhiteElo "2574"]
[BlackElo "2400"]
[WhiteFideId "4101286"]
[BlackFideId "5007844"]
[EventDate "2017.12.15"]

1. e4 e5 2. Nf3 Nc6 3. Bc4 Bc5 4. O-O Nf6 5. d3 O-O 6. a4 a5 7. Bg5 h6 8. Bh4
Be7 9. c3 d6 10. Na3 Be6 11. Re1 Nh7 12. Bxe7 Qxe7 13. Nc2 Bxc4 14. dxc4 Ng5 15.
Ne3 Qf6 16. Nxg5 Qxg5 17. Nd5 Rac8 18. Re3 f5 19. Rg3 Qh4 20. Qb3 Ne7 21. Rh3
Qg5 22. Rg3 Qh4 23. Qxb7 fxe4 24. Nxe7+ Qxe7 25. Qxe4 Rb8 26. Rb1 Rf4 27. Qd5+
Qf7 28. Qxf7+ Kxf7 29. Rf3 Rxf3 30. gxf3 c5 31. Rd1 Rxb2 32. Rxd6 Ra2 33. Rc6
Rxa4 34. Rxc5 Ke6 35. Kf1 1/2-1/2

[Event "Sunway Sitges Open 2017"]
[Site "Sitges ESP"]
[Date "2017.12.17"]
[Round "3.13"]
[White "Ayats Llobera, Gerard"]
[Black "Liang, Awonder"]
[Result "1/2-1/2"]
[WhiteTitle "FM"]
[BlackTitle "GM"]
[WhiteElo "2285"]
[BlackElo "2573"]
[WhiteFideId "32067607"]
[BlackFideId "2056437"]
[EventDate "2017.12.15"]

1. e4 e5 2. Nf3 Nc6 3. Bb5 a6 4. Ba4 d6 5. d4 Bd7 6. c4 exd4 7. Nxd4 g6 8. Nxc6
bxc6 9. Bd2 Bg7 10. Bc3 Nf6 11. Nd2 O-O 12. O-O Re8 13. Qc2 Qb8 14. Bd4 Qb7 15.
Rae1 Re7 16. Qc3 Re6 17. c5 Rae8 18. Bb3 dxc5 19. Bxe6 cxd4 20. Qb3 Qxb3 21.
Bxb3 c5 22. Bc4 Bb5 23. e5 Ng4 24. h3 Nh6 25. Bxb5 axb5 26. Nf3 Rd8 27. Rc1 Rd5
28. Rfd1 Bxe5 29. Nxe5 Rxe5 30. b4 cxb4 31. Rxc7 Nf5 32. Kf1 Rd5 33. Rc2 h5 34.
g4 hxg4 35. hxg4 Ng7 36. Rb2 Ne6 37. Rxb4 Rc5 38. Rd2 g5 39. f3 Kg7 40. Rdb2 Rc3
41. Kf2 Nf4 42. Rxd4 Nd3+ 43. Rxd3 Rxd3 44. Rxb5 Rd2+ 45. Kg3 Rxa2 46. Rxg5+ Kf6
47. Rb5 Kg6 48. Rb6+ f6 49. f4 Kg7 50. Rb7+ Kg6 51. f5+ Kh6 52. Rf7 Ra3+ 53. Kh4
Ra6 54. Re7 Ra1 55. Rf7 Ra6 56. Rxf6+ Rxf6 57. g5+ Kg7 58. gxf6+ Kxf6 59. Kg4
Kg7 60. f6+ Kxf6 1/2-1/2

[Event "Sunway Sitges Open 2017"]
[Site "Sitges ESP"]
[Date "2017.12.17"]
[Round "3.14"]
[White "Peralta, Fernando"]
[Black "Tarun, V Kanth"]
[Result "1-0"]
[WhiteTitle "GM"]
[WhiteElo "2556"]
[BlackElo "1967"]
[WhiteFideId "105309"]
[BlackFideId "25012185"]
[EventDate "2017.12.15"]

1. d4 Nf6 2. c4 e6 3. Nc3 d5 4. cxd5 exd5 5. Bg5 Be7 6. e3 c6 7. Bd3 Nbd7 8.
Nge2 O-O 9. Qc2 Re8 10. O-O Nf8 11. f3 g6 12. Rad1 Ne6 13. Bh4 Nh5 14. Bxe7 Rxe7
15. Qd2 b6 16. a3 a5 17. Bb1 Bb7 18. e4 Nc7 19. Ba2 Re8 20. Nf4 Qg5 21. Nxh5
Qxh5 22. Na4 Rad8 23. Nxb6 dxe4 24. fxe4 Ne6 25. Qf2 g5 26. Na4 Ba6 27. Rfe1 Nf4
28. Nc5 Bc8 29. Rd2 Rd6 30. e5 Rh6 31. Qg3 Bf5 32. Nb7 Re7 33. Nd6 Bg6 34. Bc4
Kh8 35. h3 f5 36. e6 Kg7 37. Qe3 Qh4 38. Qe5+ Kg8 39. Nf7 1-0

[Event "Sunway Sitges Open 2017"]
[Site "Sitges ESP"]
[Date "2017.12.17"]
[Round "3.15"]
[White "Salem, A.R. Saleh"]
[Black "Lamorelle, Julien"]
[Result "1-0"]
[WhiteTitle "GM"]
[BlackTitle "FM"]
[WhiteElo "2638"]
[BlackElo "2320"]
[WhiteFideId "9301348"]
[BlackFideId "616010"]
[EventDate "2017.12.15"]

1. d4 d5 2. c4 c6 3. Nf3 Nf6 4. Nc3 e6 5. e3 Nbd7 6. Bd3 dxc4 7. Bxc4 b5 8. Bd3
Bb7 9. O-O b4 10. Na4 c5 11. dxc5 Bxc5 12. Nxc5 Nxc5 13. Bb5+ Ke7 14. Nd4 Qb6
15. a4 a5 16. e4 Bxe4 17. Be3 Qd6 18. Rc1 Rhc8 19. Nc6+ Rxc6 20. Bxc6 Qxc6 21.
Bxc5+ Ke8 22. f3 Bd5 23. Bd4 Qd7 24. Be5 Bc6 25. Qxd7+ Kxd7 26. Bxf6 gxf6 27.
Rfd1+ Bd5 28. Rc4 Ra7 29. Kf2 Ke7 30. Rc5 Bb3 31. Rdc1 Kd6 32. Rh5 e5 33. Rxh7
Bxa4 34. h4 f5 35. h5 Ke6 36. Rh8 Kf6 37. h6 Kg6 38. Rg8+ 1-0

[Event "Sunway Sitges Open 2017"]
[Site "Sitges ESP"]
[Date "2017.12.17"]
[Round "3.16"]
[White "Garriga Cazorla, Pere"]
[Black "Lopez Martinez, Josep Manuel"]
[Result "1-0"]
[WhiteTitle "IM"]
[BlackTitle "GM"]
[WhiteElo "2406"]
[BlackElo "2598"]
[WhiteFideId "32011601"]
[BlackFideId "2212943"]
[EventDate "2017.12.15"]

1. d4 e6 2. c4 Bb4+ 3. Bd2 a5 4. g3 d5 5. Nf3 dxc4 6. Qc2 b5 7. Bg2 Ne7 8. a4 c6
9. O-O Bxd2 10. Nbxd2 Nd5 11. e4 Nb6 12. axb5 cxb5 13. b3 cxb3 14. Nxb3 Nc4 15.
Rfb1 O-O 16. Nc5 Bd7 17. Bf1 Nd6 18. Bd3 Nc6 19. e5 Nf5 20. Bxf5 exf5 21. d5 Ne7
22. Rd1 Qc8 23. Rac1 b4 24. Qe2 Qe8 25. e6 Bb5 26. Qb2 Ng6 27. Ng5 fxe6 28.
Ncxe6 Ra7 29. Nxf8 Nxf8 30. d6 Rd7 31. Qb3+ Kh8 32. Re1 1-0

[Event "Sunway Sitges Open 2017"]
[Site "Sitges ESP"]
[Date "2017.12.17"]
[Round "3.17"]
[White "Raghunandan, Kaumandur Srihari"]
[Black "Asis Gargatagli, Hipolito"]
[Result "1/2-1/2"]
[WhiteTitle "IM"]
[BlackTitle "IM"]
[WhiteElo "2404"]
[BlackElo "2531"]
[WhiteFideId "25004964"]
[BlackFideId "2260735"]
[EventDate "2017.12.15"]

1. Nf3 Nf6 2. g3 g6 3. b3 b6 4. Bb2 Bg7 5. Bg2 Bb7 6. O-O O-O 7. c4 e6 8. d3 d5
9. Nbd2 c5 10. cxd5 exd5 11. d4 Qe7 12. Ne5 Na6 13. Rc1 Rac8 14. dxc5 bxc5 15.
e3 Rfd8 16. Nd3 c4 17. Bxf6 Bxf6 18. bxc4 dxc4 19. Bxb7 Qxb7 20. Nxc4 Qb5 21.
Qg4 Rc6 22. Na3 Qb7 23. Qe4 Rb6 24. Qxb7 Rxb7 25. Rc6 Rb6 26. Rxb6 axb6 27. Nf4
Be7 28. Nb5 Rd2 29. Rb1 g5 30. Nh5 Nb4 31. Nd4 Rxa2 32. Nf5 Bf8 33. Nf6+ Kh8 34.
Rd1 Nc6 35. Nd7 Bc5 36. Nxc5 bxc5 37. Rd7 h5 38. Rc7 Ne5 39. Rxc5 Nf3+ 40. Kg2
Ne1+ 41. Kf1 Nd3 42. Rd5 Nxf2 43. h4 f6 44. hxg5 fxg5 45. Nd6 Ng4 46. Ke1 Nxe3 1/2-1/2

[Event "Sunway Sitges Open 2017"]
[Site "Sitges ESP"]
[Date "2017.12.17"]
[Round "3.18"]
[White "Dann, Matthias"]
[Black "Minero Pineda, Sergio"]
[Result "1-0"]
[WhiteTitle "IM"]
[BlackTitle "IM"]
[WhiteElo "2517"]
[BlackElo "2384"]
[WhiteFideId "24638056"]
[BlackFideId "6500374"]
[EventDate "2017.12.15"]

1. e4 c5 2. Nf3 e6 3. d4 cxd4 4. Nxd4 Nc6 5. Nc3 Qc7 6. Be3 a6 7. Be2 Nf6 8. a3
Be7 9. f4 d6 10. g4 Nxd4 11. Qxd4 e5 12. Qd2 Bxg4 13. Bxg4 Nxg4 14. O-O-O Nxe3
15. Qxe3 Rc8 16. Kb1 exf4 17. Qd2 Bf6 18. Nd5 Qd8 19. Nxf6+ Qxf6 20. e5 Qf5 21.
exd6 O-O 22. Rhf1 g5 23. Qg2 f6 24. Rd4 Rfd8 25. h4 Kh8 26. Rf2 Qe5 27. Rfd2 Rc6
28. d7 h6 29. Re4 Qb8 30. Re7 f5 31. Qd5 1-0

[Event "Sunway Sitges Open 2017"]
[Site "Sitges ESP"]
[Date "2017.12.17"]
[Round "3.19"]
[White "Valenzuela Gomez, Fernando"]
[Black "Alonso Rosell, Alvar"]
[Result "1/2-1/2"]
[WhiteTitle "FM"]
[BlackTitle "GM"]
[WhiteElo "2385"]
[BlackElo "2509"]
[WhiteFideId "3409392"]
[BlackFideId "2270544"]
[EventDate "2017.12.15"]

1. d4 e6 2. c4 f5 3. g3 Nf6 4. Bg2 Be7 5. Nf3 O-O 6. O-O Ne4 7. Nc3 Nxc3 8. bxc3
Nc6 9. Re1 Na5 10. c5 b6 11. Ne5 Rb8 12. e4 Bb7 13. Qa4 d6 14. Nd3 dxc5 15. Nf4
Bc8 16. exf5 exf5 17. Ba3 Bd7 18. Qc2 Kh8 19. Rad1 Nc4 20. Bc1 Nd6 21. Nd5 Bf6
22. Bf4 cxd4 23. cxd4 Rc8 24. Be5 Ne8 25. Nxf6 gxf6 26. Bf4 Nd6 27. d5 Re8 28.
h4 Kg7 29. h5 Nf7 30. Bh3 Re4 31. Rxe4 fxe4 32. Bxd7 Qxd7 33. Qxe4 Re8 34. Qc2
Re7 35. Kg2 Qg4 36. h6+ Kg8 37. Rd2 Qh5 38. Qc6 Kf8 39. Qxf6 Re1 40. Qh4 Qxh4
41. gxh4 Rc1 42. Re2 Rc5 43. Re6 Rxd5 44. Bxc7 Rh5 45. Bf4 Rxh4 46. Kg3 Rh5 47.
Kg4 Rd5 48. Rc6 Ra5 49. Rc2 1/2-1/2

[Event "Sunway Sitges Open 2017"]
[Site "Sitges ESP"]
[Date "2017.12.17"]
[Round "3.20"]
[White "Santos Ruiz, Miguel"]
[Black "Jimenez Ruano, Adrian"]
[Result "1-0"]
[WhiteTitle "IM"]
[WhiteElo "2509"]
[BlackElo "2311"]
[WhiteFideId "22291482"]
[BlackFideId "22276050"]
[EventDate "2017.12.15"]

1. d4 Nf6 2. c4 g6 3. g3 Bg7 4. Bg2 O-O 5. Nc3 d6 6. Nf3 Nc6 7. O-O e5 8. dxe5
Nxe5 9. b3 Nfd7 10. Bb2 Re8 11. Qd2 a5 12. Nxe5 Bxe5 13. Rad1 Nc5 14. Nd5 c6 15.
Bxe5 dxe5 16. Qe3 Nd7 17. Nc3 Re6 18. c5 Qe7 19. Na4 f5 20. Rd2 e4 21. Rfd1 Re5
22. h4 Ra6 23. h5 Nf8 24. Qc3 Qg7 25. Rd8 Be6 26. h6 Qf6 27. Re8 Kf7 28. Rdd8
Nd7 29. Rh8 Ke7 30. Rde8+ Kf7 31. Reg8 Qg5 32. Rd8 Kf6 33. Rxh7 e3 34. f4 Qxg3
35. Rf8+ 1-0

[Event "Sunway Sitges Open 2017"]
[Site "Sitges ESP"]
[Date "2017.12.17"]
[Round "3.21"]
[White "Charochkina, Daria"]
[Black "Stella, Andrea"]
[Result "1/2-1/2"]
[WhiteTitle "IM"]
[BlackTitle "GM"]
[WhiteElo "2317"]
[BlackElo "2505"]
[WhiteFideId "4180917"]
[BlackFideId "827061"]
[EventDate "2017.12.15"]

1. d4 e6 2. c4 Bb4+ 3. Bd2 a5 4. a3 Bxd2+ 5. Qxd2 Nf6 6. Nc3 d6 7. e3 O-O 8. Bd3
e5 9. Nge2 Nc6 10. O-O Re8 11. Qc2 Bg4 12. d5 Bxe2 13. Bxe2 Nb8 14. b4 Na6 15.
Rab1 e4 16. Rfd1 Qe7 17. Nb5 Red8 18. Qc3 h6 19. h3 Nh7 20. Rbc1 Nf6 21. Nd4 Qe5
22. Qb3 Kh8 23. c5 axb4 24. Bxa6 Rxa6 25. c6 b6 26. Nb5 Ne8 27. Qxb4 Rda8 28.
Rd4 f5 29. Qb3 Ra5 30. a4 Rc8 31. Rcd1 Nf6 32. Na3 Qe7 33. Nc4 Rc5 34. Na3 Qf7
35. Nb5 Ra8 36. Rc4 Rxc4 37. Qxc4 Kh7 38. Rd2 Ra5 39. Qd4 Qe7 40. Rd1 Kg6 41.
Qc4 Kh7 42. Qd4 1/2-1/2

[Event "Sunway Sitges Open 2017"]
[Site "Sitges ESP"]
[Date "2017.12.17"]
[Round "3.22"]
[White "Garcia Martin, Marta"]
[Black "Manolache, Marius"]
[Result "0-1"]
[WhiteTitle "FM"]
[BlackTitle "GM"]
[WhiteElo "2316"]
[BlackElo "2495"]
[WhiteFideId "32084030"]
[BlackFideId "1201530"]
[EventDate "2017.12.15"]

1. e4 d6 2. d4 Nf6 3. Nc3 g6 4. Bg5 c6 5. Qd2 h6 6. Bf4 g5 7. Bg3 Nh5 8. Be2
Nxg3 9. hxg3 b5 10. f4 g4 11. a3 Qb6 12. e5 h5 13. O-O-O d5 14. Kb1 Na6 15. Rf1
Rb8 16. Na2 b4 17. axb4 Nxb4 18. Qxb4 Qxb4 19. Nxb4 Rxb4 20. Rd1 c5 21. c3 Rb8
22. dxc5 e6 23. Bxg4 Rg8 24. Bf3 Bxc5 25. Ne2 Bd7 26. Rxh5 Ba4 27. Rdh1 Ke7 28.
Ka1 Bc2 29. g4 Rgc8 30. f5 Rc6 31. b4 Bxb4 32. Kb2 Bxc3+ 33. Kxc2 Be1+ 0-1

[Event "Sunway Sitges Open 2017"]
[Site "Sitges ESP"]
[Date "2017.12.17"]
[Round "3.23"]
[White "Gascon Del Nogal, Jose Rafael"]
[Black "Cruz, Filemon"]
[Result "1-0"]
[WhiteTitle "IM"]
[BlackTitle "IM"]
[WhiteElo "2479"]
[BlackElo "2304"]
[WhiteFideId "3902463"]
[BlackFideId "3800296"]
[EventDate "2017.12.15"]

1. e4 c6 2. d4 d5 3. e5 Bf5 4. h4 h6 5. g4 Bd7 6. Nc3 e6 7. f4 c5 8. Nf3 Nc6 9.
Be3 cxd4 10. Nxd4 h5 11. gxh5 Nh6 12. Qf3 Bb4 13. Bd3 Qa5 14. Nb3 Qc7 15. Ke2 a6
16. Rhg1 Bf8 17. Qf2 Ne7 18. Bb6 Qc6 19. Na5 Qc8 20. Kd2 Nef5 21. a3 Bc6 22. Ne2
Qd7 23. Nd4 Nxd4 24. Qxd4 Bb5 25. c4 Bxc4 26. Nxc4 dxc4 27. Qxd7+ Kxd7 28. Be4
Rc8 29. Kc3 Bc5 30. Rad1+ Ke7 31. Bxc5+ Rxc5 32. Rd4 b5 33. Rd6 a5 34. Rgd1 Rc7
35. Bc6 Rb8 36. Rd7+ Rxd7 37. Rxd7+ Kf8 38. Ra7 b4+ 39. Kxc4 bxa3 40. bxa3 Nf5
41. Rxa5 Ng3 42. Ra8 Rxa8 43. Bxa8 Ke7 44. a4 Kd7 45. Bf3 Kc7 46. a5 Nf1 47. Kb5
Nd2 48. Bh1 1-0

[Event "Sunway Sitges Open 2017"]
[Site "Sitges ESP"]
[Date "2017.12.17"]
[Round "3.24"]
[White "Santarius, Erik"]
[Black "Karthik, Venkataraman"]
[Result "0-1"]
[WhiteTitle "FM"]
[BlackTitle "FM"]
[WhiteElo "2299"]
[BlackElo "2475"]
[WhiteFideId "2025817"]
[BlackFideId "25006479"]
[EventDate "2017.12.15"]

1. e4 c5 2. Nf3 d6 3. Bc4 Nf6 4. Qe2 Nc6 5. c3 Bg4 6. h3 Bxf3 7. Qxf3 e6 8. d3
Be7 9. Bb3 O-O 10. O-O b5 11. Be3 a5 12. a4 b4 13. Nd2 Rb8 14. Qe2 d5 15. e5 Nd7
16. d4 bxc3 17. bxc3 cxd4 18. cxd4 Rb4 19. Qd3 Qb6 20. Bc2 g6 21. Nf3 Rc8 22.
Qd1 Qd8 23. Re1 Rbb8 24. g3 Nb4 25. Bb3 Nb6 26. h4 Nc4 27. Bc1 Rc6 28. Kg2 Rcb6
29. Rh1 Nd3 30. Qxd3 Rxb3 31. Qe2 Rb1 32. Rxb1 Rxb1 33. Bg5 Rb2 34. Qd3 Rb4 35.
Qc2 Rb2 36. Qc1 Re2 37. Re1 Bxg5 38. hxg5 Rxe1 39. Qxe1 Qb6 40. Qc1 Qb4 41. Qf4
Qxa4 42. Qf6 Qe8 43. Nh2 a4 44. Ng4 a3 45. Qf3 Kf8 46. Nf6 Qb5 47. Nxh7+ Ke8 48.
Qf6 Nd2 49. Qh8+ Kd7 50. Nf6+ Kc7 51. Kh2 Qf1 52. Ne8+ Kc6 53. Qf6 Ne4 0-1

[Event "Sunway Sitges Open 2017"]
[Site "Sitges ESP"]
[Date "2017.12.17"]
[Round "3.25"]
[White "Sankalp, Gupta"]
[Black "Sosa, Tomas ARG"]
[Result "0-1"]
[BlackTitle "IM"]
[WhiteElo "2295"]
[BlackElo "2460"]
[WhiteFideId "5097010"]
[BlackFideId "121576"]
[EventDate "2017.12.15"]

1. e4 e5 2. Nf3 Nc6 3. d4 exd4 4. Nxd4 Qf6 5. Nb3 Qg6 6. f3 Bd6 7. Nc3 Nge7 8.
g4 h5 9. g5 f6 10. f4 fxg5 11. fxg5 Be5 12. Bg2 O-O 13. Qd3 d5 14. Nxd5 Nxd5 15.
Qxd5+ Be6 16. Qc5 Bd6 17. Qe3 Ne5 18. Bd2 Ng4 19. Qd3 Nf2 20. Qd4 Nxh1 21. Bxh1
Bg4 22. Qg1 Rae8 23. Be3 Bb4+ 24. c3 Qa6 25. Nc1 Rd8 0-1

[Event "Sunway Sitges Open 2017"]
[Site "Sitges ESP"]
[Date "2017.12.17"]
[Round "3.27"]
[White "Das, Arghyadip"]
[Black "Shah, Rishab"]
[Result "1/2-1/2"]
[WhiteTitle "IM"]
[WhiteElo "2451"]
[BlackElo "1973"]
[WhiteFideId "5003610"]
[BlackFideId "35033174"]
[EventDate "2017.12.15"]

1. e4 c5 2. Nc3 d6 3. f4 g6 4. Nf3 Bg7 5. Bb5+ Bd7 6. a4 Nc6 7. O-O e6 8. Bxc6
Bxc6 9. d4 b6 10. d5 exd5 11. exd5 Bd7 12. Ne4 Bf5 13. Ng3 Bg4 14. h3 Bxf3 15.
Qxf3 f5 16. a5 Ne7 17. Qe2 Rf8 18. Re1 Bf6 19. Bd2 Kf7 20. Qe6+ Kg7 21. axb6
axb6 22. Rxa8 Qxa8 23. Qxd6 Nxd5 24. Qd7+ Rf7 25. Qb5 Qd8 26. Nf1 Qd6 1/2-1/2